The Norton Anthoogy of English Literature (Record no. 186797)
[ view plain ]
| 000 -LEADER | |
|---|---|
| fixed length control field | 00584 a2200169 4500 |
| 003 - CONTROL NUMBER IDENTIFIER | |
| control field | Nust |
| 005 - DATE AND TIME OF LATEST TRANSACTION | |
| control field | 20230525114521.0 |
| 040 ## - CATALOGING SOURCE | |
| Transcribing agency | Nust |
| 082 ## - DEWEY DECIMAL CLASSIFICATION NUMBER | |
| Classification number | 823, ABR |
| 245 ## - TITLE STATEMENT | |
| Title | The Norton Anthoogy of English Literature |
| Statement of responsibility, etc. | M.H.Abrams |
| 250 ## - EDITION STATEMENT | |
| Edition statement | 3rd ed |
| 260 ## - PUBLICATION, DISTRIBUTION, ETC. | |
| Place of publication, distribution, etc. | New York |
| Name of publisher, distributor, etc. | W.W norton & Co |
| 300 ## - PHYSICAL DESCRIPTION | |
| Other physical details | 2518:p |
| 505 ## - FORMATTED CONTENTS NOTE | |
| Formatted contents note | The Middle Ages (To 1485) (Page-1),The Sixteenth Century (1485-1603) (Page-475),The Seventeenth Century (1603-1660) (Page-1089),The Restoration And The Eighteenth Century (1660-1798) (Page-1675). |
| 650 ## - SUBJECT ADDED ENTRY--TOPICAL TERM | |
| Topical term or geographic name entry element | English Literature |
| 9 (RLIN) | 318 |
| 942 ## - ADDED ENTRY ELEMENTS (KOHA) | |
| Source of classification or shelving scheme | |
| Koha item type | Book |
| Withdrawn status | Lost status | Source of classification or shelving scheme | Damaged status | Not for loan | Permanent Location | Current Location | Shelving location | Date acquired | Full call number | Barcode | Date last seen | Price effective from | Koha item type | Public note |
|---|---|---|---|---|---|---|---|---|---|---|---|---|---|---|
| Military College of Signals (MCS) | Military College of Signals (MCS) | Fiction | 12/12/2016 | 823,ABR | MCS5723 | 12/08/2016 | 12/12/2016 | Book | Almirah No.57, Shelf No.5 |
